| 000 | 00347nam a2200145Ia 4500 | ||
|---|---|---|---|
| 008 | 230917s9999||||xx |||||||||||||| ||und|| | ||
| 040 |
_e30390 _aMAIN |
||
| 041 | _aEnglish | ||
| 082 | _a301.0973 G57G | ||
| 100 | _aGoffman, Erving | ||
| 245 | 0 | _aGoiffman reader | |
| 260 |
_aOxford _bBlack well _c1997 |
||
| 300 | _alxxxii, 285 p. | ||
| 942 | _cBK | ||
| 999 |
_c100620 _d100620 |
||